|
|
|
|
| LEADER |
00000cam a2200000 a 4500 |
| 001 |
029806 |
| 003 |
UAHC_CL |
| 005 |
20200121121602.0 |
| 008 |
090122b xx j 000 1 eng |
| 952 |
|
|
|0 0
|1 0
|2 ddc
|4 0
|6 CUAD___PEDAGOGIA173_89_000000000000000
|7 0
|8 COMP
|9 58422
|a BC
|b BC
|c General
|d 2017-08-03
|o CUAD. PEDAGOGIA-173/89
|p 1367141
|r 2017-08-03 00:00:00
|t 1
|w 2017-08-03
|y BK
|
| 952 |
|
|
|0 0
|1 0
|2 ddc
|4 0
|6 CUAD___PEDAGOGIA175_89_000000000000000
|7 0
|8 COMP
|9 58423
|a BC
|b BC
|c General
|d 2017-08-03
|o CUAD. PEDAGOGIA-175/89
|p 1367144
|r 2017-08-03 00:00:00
|t 1
|w 2017-08-03
|y BK
|
| 952 |
|
|
|0 0
|1 0
|2 ddc
|4 0
|6 CUAD___PEDAGOGIA176_89_000000000000000
|7 0
|8 COMP
|9 58424
|a BC
|b BC
|c General
|d 2017-08-03
|o CUAD. PEDAGOGIA-176/89
|p 1367146
|r 2019-04-30 00:00:00
|t 1
|w 2017-08-03
|y BK
|
| 952 |
|
|
|0 0
|1 0
|2 ddc
|4 0
|6 CUAD___PEDAGOGIA177_90_000000000000000
|7 0
|8 COMP
|9 58425
|a BC
|b BC
|c General
|d 2017-08-03
|o CUAD. PEDAGOGIA-177/90
|p 1368651
|r 2019-01-08 00:00:00
|t 1
|w 2017-08-03
|y BK
|
| 952 |
|
|
|0 0
|1 0
|2 ddc
|4 0
|6 CUAD___PEDAGOGIA178_90_000000000000000
|7 0
|8 COMP
|9 58426
|a BC
|b BC
|c General
|d 2017-08-03
|o CUAD. PEDAGOGIA-178/90
|p 1368652
|r 2019-01-08 00:00:00
|t 1
|w 2017-08-03
|y BK
|
| 952 |
|
|
|0 0
|1 0
|2 ddc
|4 0
|6 CUAD___PEDAGOGIA196_91_000000000000000
|7 0
|8 COMP
|9 58427
|a BC
|b BC
|c General
|d 2017-08-03
|o CUAD. PEDAGOGIA-196/91
|p 1368653
|r 2019-01-08 00:00:00
|t 1
|w 2017-08-03
|y BK
|
| 952 |
|
|
|0 0
|1 0
|2 ddc
|4 0
|6 CUAD___PEDAGOGIA197_91_000000000000000
|7 0
|8 COMP
|9 58428
|a BC
|b BC
|c General
|d 2017-08-03
|o CUAD. PEDAGOGIA-197/91
|p 1368654
|r 2019-01-08 00:00:00
|t 1
|w 2017-08-03
|y BK
|
| 952 |
|
|
|0 0
|1 0
|2 ddc
|4 0
|6 CUAD___PEDAGOGIA201_02_000000000000000
|7 0
|8 COMP
|9 58429
|a BC
|b BC
|c General
|d 2017-08-03
|o CUAD. PEDAGOGIA-201/02
|p 1368655
|r 2019-01-08 00:00:00
|t 1
|w 2017-08-03
|y BK
|
| 952 |
|
|
|0 0
|1 0
|2 ddc
|4 0
|6 CUAD___PEDAGOGIA203_92_000000000000000
|7 0
|8 COMP
|9 58430
|a BC
|b BC
|c General
|d 2017-08-03
|o CUAD. PEDAGOGIA-203/92
|p 1368656
|r 2017-08-03 00:00:00
|t 1
|w 2017-08-03
|y BK
|
| 952 |
|
|
|0 0
|1 0
|2 ddc
|4 0
|6 CUAD___PEDAGOGIA206_92_000000000000000
|7 0
|8 COMP
|9 58431
|a BC
|b BC
|c General
|d 2017-08-03
|o CUAD. PEDAGOGIA-206/92
|p 1368657
|r 2019-01-08 00:00:00
|t 1
|w 2017-08-03
|y BK
|
| 952 |
|
|
|0 0
|1 0
|2 ddc
|4 0
|6 CUAD___PEDAGOGIA207_92_000000000000000
|7 0
|8 COMP
|9 58432
|a BC
|b BC
|c General
|d 2017-08-03
|o CUAD. PEDAGOGIA-207/92
|p 1368667
|r 2019-01-08 00:00:00
|t 1
|w 2017-08-03
|y BK
|
| 952 |
|
|
|0 0
|1 0
|2 ddc
|4 0
|6 CUAD___PEDAGOGIA211_93_000000000000000
|7 0
|8 COMP
|9 58433
|a BC
|b BC
|c General
|d 2017-08-03
|o CUAD. PEDAGOGIA-211/93
|p 1368658
|r 2019-01-08 00:00:00
|t 1
|w 2017-08-03
|y BK
|
| 952 |
|
|
|0 0
|1 0
|2 ddc
|4 0
|6 CUAD___PEDAGOGIA213_93_000000000000000
|7 0
|8 COMP
|9 58434
|a BC
|b BC
|c General
|d 2017-08-03
|o CUAD. PEDAGOGIA-213/93
|p 1368665
|r 2017-08-03 00:00:00
|t 1
|w 2017-08-03
|y BK
|
| 952 |
|
|
|0 0
|1 0
|2 ddc
|4 0
|6 CUAD___PEDAGOGIA215_93_000000000000000
|7 0
|8 COMP
|9 58435
|a BC
|b BC
|c General
|d 2017-08-03
|o CUAD. PEDAGOGIA-215/93
|p 1368666
|r 2017-08-03 00:00:00
|t 1
|w 2017-08-03
|y BK
|
| 952 |
|
|
|0 0
|1 0
|2 ddc
|4 0
|6 CUAD___PEDAGOGIA216_93_000000000000000
|7 0
|8 COMP
|9 58436
|a BC
|b BC
|c General
|d 2017-08-03
|o CUAD. PEDAGOGIA-216/93
|p 1368659
|r 2019-01-08 00:00:00
|t 1
|w 2017-08-03
|y BK
|
| 952 |
|
|
|0 0
|1 0
|2 ddc
|4 0
|6 CUAD___PEDAGOGIA222_94_000000000000000
|7 0
|8 COMP
|9 58437
|a BC
|b BC
|c General
|d 2017-08-03
|o CUAD. PEDAGOGIA-222/94
|p 1368664
|r 2019-01-08 00:00:00
|t 1
|w 2017-08-03
|y BK
|
| 952 |
|
|
|0 0
|1 0
|2 ddc
|4 0
|6 CUAD___PEDAGOGIA225_94_000000000000000
|7 0
|8 COMP
|9 58438
|a BC
|b BC
|c General
|d 2017-08-03
|o CUAD. PEDAGOGIA-225/94
|p 1368660
|r 2019-01-08 00:00:00
|t 1
|w 2017-08-03
|y BK
|
| 952 |
|
|
|0 0
|1 0
|2 ddc
|4 0
|6 CUAD___PEDAGOGIA229_94_000000000000000
|7 0
|8 COMP
|9 58439
|a BC
|b BC
|c General
|d 2017-08-03
|o CUAD. PEDAGOGIA-229/94
|p 1368661
|r 2019-01-08 00:00:00
|t 1
|w 2017-08-03
|y BK
|
| 952 |
|
|
|0 0
|1 0
|2 ddc
|4 0
|6 CUAD___PEDAGOGIA235_95_000000000000000
|7 0
|8 COMP
|9 58440
|a BC
|b BC
|c General
|d 2017-08-03
|o CUAD. PEDAGOGIA-235/95
|p 1368663
|r 2019-01-08 00:00:00
|t 1
|w 2017-08-03
|y BK
|
| 952 |
|
|
|0 0
|1 0
|2 ddc
|4 0
|6 CUAD___PEDAGOGIA237_95_000000000000000
|7 0
|8 COMP
|9 58441
|a BC
|b BC
|c General
|d 2017-08-03
|o CUAD. PEDAGOGIA-237/95
|p 1368662
|r 2019-01-08 00:00:00
|t 1
|w 2017-08-03
|y BK
|
| 999 |
|
|
|c 29806
|d 29806
|
| 040 |
|
|
|a UAHC_CL
|c UAHC_CL
|d UAHC_CL
|
| 245 |
1 |
0 |
|a Cuadernos de pedagogía.
|
| 260 |
|
|
|b Fontalba
|a Barcelona
|
| 900 |
|
|
|a CUAD. PEDAGOGIA-173/89
|
| 942 |
|
|
|c BK
|2 ddc
|